000 00435nam a22001577a 4500
005 20200607151841.0
008 200607b xxu||||| |||| 00| 0 eng d
041 _aeng
082 _a615.19
100 _aMALVIYA, SAPNA, AND RAWAT, SWATI
_95842
245 _aTEXTBOOK OF PHARMACOGNOSY AND PHYTOCHEMISTRY
260 _aNEW DELHI
_bCBS PUBLISHERS AND DISTRIBUTORS PVT, LTD.
300 _a373;p
650 _aPHARMACY
_95848
942 _cBK
999 _c6909
_d6907